Sports Quiz

Random Sports Quiz

Playoff teams in 2012 Quiz Stats

Quiz not verified by Sporcle

Challenge
Share
Tweet
Embed
Score 0/16 Timer 04:00
0 Plays Today
Division Team % Correct
AtlanticNew York Rangers
93.5%
CentralDetroit Red Wings
90.3%
NorthwestVancouver Canucks
90.3%
AtlanticNew Jersey Devils
87.5%
AtlanticPhiladelphia Flyers
87.1%
AtlanticPittsburgh Penguins
87.1%
CentralChicago Blackhawks
87.1%
NortheastBoston Bruins
83.9%
Division Team % Correct
NortheastOttawa Senators
83.9%
SoutheastFlorida Panthers
83.9%
SoutheastWashington Capitals
83.9%
CentralNashville Predators
83.9%
Pacific Phoenix Coyotes
83.9%
Central St. Louis Blues
80.6%
PacificSan Jose Sharks
77.4%
PacificLos Angeles Kings
35.5%

You're not logged in!

Compare scores with friends on all Sporcle quizzes.
Sign Up with Email
OR
Log In

You Might Also Like...

Show Comments

Extras

Top Quizzes Today


Score Distribution

Your Account Isn't Verified!

In order to create a playlist on Sporcle, you need to verify the email address you used during registration. Go to your Sporcle Settings to finish the process.